La memoria del pueblo cristiano

Uloženo v:
Podrobná bibliografie
Hlavní autor: Hoornaert, Eduardo (Autor)
Médium: Kniha
Jazyk:španělština
Vydáno: Sao Paulo Ediciones Paulinas 1986
Vydání:1a. ed
Edice:Experiencia de Dios y Justicia, 1
Témata:
Tagy: Přidat tag
Žádné tagy, Buďte první, kdo vytvoří štítek k tomuto záznamu!

MARC

LEADER 00000cam a2200000 a 4500
001 UCC6357
003 CL-VaPUC
008 181207e19860000bl |||||||||||||||||spa|d
020 |a 8428510857t.3 
082 0 4 |a 270  |b HOO  |2 21 
100 0 |a Hoornaert, Eduardo  |e author  |9 600780 
245 1 3 |a La memoria del pueblo cristiano 
250 |a 1a. ed 
300 |a t 
942 |c BK 
945 |d 20181207 13:37:00  |a dcastane 
260 |a Sao Paulo  |b Ediciones Paulinas  |c 1986 
500 |a t.3: Una historia de la Iglesia en los tres primeros siglos 
650 0 |a Historia de la iglesia   |9 257565 
650 7 |a IGLESIA PRIMITIVA  |2 CL-VaPUC  |9 394704 
650 0 |a Cristianismo  |9 257361 
583 |a last modification  |c 20181207 13:37:00  |k Rodrigo Vera 
490 0 |a Experiencia de Dios y Justicia, 1 
999 |c 373306  |d 373304 
952 |0 0  |1 0  |3 erb  |4 0  |6 270_000000000000000_HOO_1986  |7 0  |8 A  |9 491376  |a BIBTEO  |b BIBTEO  |e Precht Pizarro, Jorge Enrique  |h t.3  |i 5519462  |o 270 HOO 1986  |p 5519462  |r 2025-01-17  |w 2019-11-24  |y BK  |z Catalogado en:20181207  |k ICR